| 000 | nam a22 7a 4500 | ||
|---|---|---|---|
| 999 |
_c127103 _d127103 |
||
| 008 | 171012b xxu||||| |||| 00| 0 eng d | ||
| 050 | _aL HC910.Z65J66 1988 | ||
| 100 |
_aJones, David _937055 |
||
| 245 |
_aThe nature of Zimbabwe _bA guide to conservation and development _c/ Jones David |
||
| 260 |
_aHarare _bIUCN Regional Office fro Southern Africa _c1988 |
||
| 300 |
_a87p. ; _c30cm. |
||
| 650 |
_aConservation and natural resources _xZimbabwe _937056 |
||
| 650 |
_aEnvironmental policy _xZimbabwe _937057 |
||
| 650 |
_aZimbabwe _xEconomic policy _926487 |
||
| 700 |
_aCarwardine, Mark _eed. _937058 |
||
| 942 |
_2lcc _cMONOGRAPH |
||